| 000 | 00901nas a2200277 4500 | ||
|---|---|---|---|
| 001 | BR8602009 | ||
| 003 | BR-BrBNA | ||
| 005 | 20231205090431.0 | ||
| 007 | ta | ||
| 008 | 230509b bl.|||p| |||| 00| 00por d | ||
| 040 |
_aBR-BrBNA _bpor _cBiblioteca Nacional de Agricultura |
||
| 041 | _a(Pt) | ||
| 072 | _aH01 | ||
| 100 | 1 | _aPiedade, J.R. | |
| 100 | 1 | _aYajima, T.W. | |
| 100 | 1 | _aPiedade, M.F. | |
| 245 | 1 | _aAnalise do inseticida piretroide fenvalerate por espectrofotometria infravermelha | |
| 246 | 1 | _aAnalysis of pyrethroid insecticide by infrared spectrophotometry | |
| 650 | _aINSETICIDA PIRETROIDE | ||
| 650 | _aCROMATOGRAFIA | ||
| 650 | _aANALISE QUIMICA | ||
| 650 | _aESPECTROFOTOMETRIA | ||
| 773 | 0 |
_tArquivos do Instituto Biologico (Brazil) _xISSN 0020-3653 _g(Jan-Dec 1983), v. 50(1-4) p. 17-20 _wBR8602009 |
|
| 909 |
_a202311 _bLúcia _c55 _dLúcia Elande |
||
| 942 |
_2AGRIS _n0 _cANA |
||
| 999 |
_c118381 _d118381 |
||